Joensuun kaupunginosat - Statistics

Yleistilastot
  • Tätä visaa on pelattu 389 kertaa
  • Keskiarvotulos 19 / 35
Vastaustilastot
Kaupunginosa % Oikein
Rantakylä
91%
Niinivaara
87%
Utra
85%
Noljakka
84%
Karsikko
81%
Marjala
80%
Penttilä
77%
Reijola
75%
Hukanhauta
69%
Karhunmäki
69%
Hammaslahti
68%
Mutala
68%
Eno
64%
Pilkko
63%
Raatekangas
62%
Linnunlahti
60%
Kanervala
58%
Siihtala
58%
Niittylahti
56%
Kiihtelysvaara
53%
Tuupovaara
53%
Käpykangas
51%
Iiksenvaara
48%
Otsola
47%
Uimaharju
42%
Heinävaara
39%
Multimäki
33%
III kaupunginosa (ruutukaava)
27%
II kaupunginosa (ruutukaava)
27%
I kaupunginosa (ruutukaava)
27%
IV kaupunginosa (ruutukaava)
27%
Sirkkala
22%
Papinkangas
11%
Louhioja
8%
Ukkola
7%
Ehtoja vastaavia visoja ei löytynyt
Tulosjakauma
Jokaisen tuloksen saaneiden osuus
Persentiili vastausten määrän mukaan
Tuloshistoriasi
Et ole pelannut tätä visaa